000 00783nam a2200205 a 4500
008 100325s2003 ||||||||||||||||| || u
020 _a909016751X
050 _aHF 5415.32 Vin
100 _aVink, Niels Y
245 1 0 _aCustomization choices: consumer product decisions in mass customization environments
260 _aRotterdam:
_bTUDelft
_c2003
300 _a[xii], 220p.: ill.
350 _a0.00
500 _aAccompanied with a CD-ROM [see CBU Reference Librarian]
650 0 _aBUSINESS
650 0 _aMARKETING--MANAGEMENT--CASE STUDIES
650 _aINTERNET
650 _aCONSUMER BEHAVIOUR
995 _D0.00
_FCBU-MAIN LIBRARY (Kitwe)
_H1
_I0.00
_M1
_UAVAILABLE
_WApr 15, 2010
_ZMain Library Open Access Collection
999 _c39334
_d39334